LEADER 01235nam a2200265 a 4500 001 000000155167 003 CaOOAMICUS 005 20161017181713.0 008 161017s1936 it u000 u ita r 032 $aLibriCat 040 $aPUL$bita 100 1 $aMonaco, Riccardo.$0(OLS)http://pul/name/28988 245 12$aI conflitti di legge in materia di cambiale / $cRiccardo Monaco. 260 $aTorino :$bpresso l'istituto giuridico della R. Università,$c1936. 300 $a206 p. ;$c25 cm. 490 1 $aUniversità di Torino. Memorie dell'Istituto giuridico. Serie II ;$v32 504 $aContiene riferimenti bibliografici. 650 04$aDiritto commerciale$zItalia.$0(OLS)http://pul/subject/1274 830 0$aMemorie dell'Istituto giuridico (Università di Torino).$nSerie II ;$v32.$0(OLS)http://pul/title/2705 850 $aPUL 852 $aPUL$W1$xDP1 Cons. Gen., Altre Classi 1$y22$m1039 F 2.32$j178226$qStampati$B181444$CPULBib$Z2$F181444 $H7836 $81 941 1 $a8 996 $6245$aI conflitti di legge in materia di cambiale / $9(OLS)http://pul/title/194809 996 $6260$aTorino :$bpresso l'istituto giuridico della R. Università$9(OLS)http://pul/publisher/49812 LEADER 00965nam a2200253 a 4500 001 000000168543 003 CaOOAMICUS 005 20180703163749.0 008 180703s1968 it u000 u ita r 032 $aLibriCat 040 $aPUL$bita 100 1 $aBettetini, Gianfranco,$d1933-$0(OLS)http://pul/name/32348 245 10$aCinema: $blingua e scrittura / $cGianfranco Bettetini . 260 $aMilano :$bBompiani,$c1968. 300 $a236 p. ; $c22 cm. 490 1 $aNuovi saggi italiani ;$v03 650 4$aCinema.$0(OLS)http://pul/subject/3452 830 0$aNuovi saggi italiani ;$v03.$0(OLS)http://pul/title/3247 850 $aPUL 852 $aPUL$W1$xDP1 Fondo Dalla Palma$y117$m8 B 3$j192001$qFondi$B196459$CPULBib$Z2$F196459 $HDal1571 $81 941 1 $a1 996 $6245$aCinema: $blingua e scrittura / $9(OLS)http://pul/title/208951 996 $6260$aMilano :$bBompiani$9(OLS)http://pul/publisher/48240